000 00542nam a22001817a 4500
005 20250326112101.0
008 250326b |||||||| |||| 00| 0 eng d
020 _a9780367620653
041 _aEng.
082 _a658 FOR
100 _aForoudi, Pantea
245 _aResearching and Analysing Business: Research Methods in Practice
260 _aNew York
_bRoutledge
_c2024
300 _a437;. P. 25 cm
650 _aIndustrial Management-Research; Methodology; Business-Research-Methodology
700 _aDennis, Charles
942 _cBK
999 _c43400
_d43400